| 000 | 01760nam a2200385 i 4500 | ||
|---|---|---|---|
| 003 | DO-SdBNP | ||
| 005 | 20240604194808.0 | ||
| 006 | a||||br|||| 00| 0 | ||
| 007 | ta | ||
| 008 | 240510r1994 dr ab||| |||| 00| 0 spa d | ||
| 040 |
_aDO-SdBNP _bspa _cBNPHU _drda |
||
| 082 | 4 |
_222 _bN964e 1994 |
|
| 100 | 1 |
_aNúñez, Milena _eautora _985434 |
|
| 245 | 1 | 0 |
_aEspañol y Ciencias Sociales 4º: _blibro del alumno / _cMilena Núñez, Ligia Ramírez, Carmen Bajarán, Máximo Portorreal, Gladys Tahira Vargas, Juan Colón Castillo. |
| 246 | 1 | 1 |
_aEspañol y Ciencias Sociales cuarto grado: _blibro del alumno. |
| 264 | 4 |
_a[Santo Domingo] : _bPrograma de Mejoramiento de la Educación Básica, _c©1994 |
|
| 300 |
_a82 páginas : _bilustraciones, gráficas ; _c27 cm. |
||
| 336 |
_2rdacontent _atexto _btxt |
||
| 337 |
_2rdamedia _asinmediación _bn |
||
| 338 |
_2rdacarrier _avolumen _bnc |
||
| 500 | _aLibro de texto de 4º grado primaria. | ||
| 501 | _aCon: Lengua Española / Milena Núñez, Ligia Ramírez Carmen Bajarán, Con: Ciencias Sociales / Máximo Portorreal, Gladys Tahira Vargas, Juan Colón Castillo. | ||
| 505 |
_aLengua Española / _rMilena Núñez y Ligia Ramírez Carmen Bajarán. |
||
| 505 |
_aCiencias Sociales / _rMáximo Portorreal, Gladys Tahira Vargas y Juan Colón Castillo. |
||
| 590 | _aInventariado 2024 / MF | ||
| 650 | 4 |
_aLengua Española _xLibro de Texto _928072 |
|
| 650 | 0 |
_aCiencias sociales _xLibro de Texto _91065 |
|
| 700 | 1 |
_aNúñez, Milena, _985434 _eautora |
|
| 700 | 1 |
_aRamírez, Ligia, _984317 _eautora |
|
| 700 | 1 |
_aBajarán, Carmen, _eautora _985471 |
|
| 700 | 1 |
_aPortorreal, Máximo, _eautor _985472 |
|
| 700 | 1 |
_aVargas, Tahira, _eautora _91966 |
|
| 700 | 1 |
_aColón Castillo, Juan _924707 _eautor |
|
| 942 |
_2ddc _cLBS1 |
||
| 999 |
_c56625 _d56625 |
||